[Event "Ponferrada op"]
[Site "Ponferrada"]
[Date "1992.??.??"]
[Round "?"]
[White "Lopez, C."]
[Black "Sanchez Guirado, Francisco"]
[Result "1/2-1/2"]
[WhiteElo "2275"]
[BlackElo "2340"]

1.d4 g6 2.e4 Bg7 3.Nc3 d6 4.f4 Nc6 5.Be3 Nf6 6.Nf3 O-O 7.d5 Nb8 8.Be2 e6
9.dxe6 fxe6 10.Qd2 Nc6 11.Nd4 Ng4 12.Bxg4 Qh4+ 13.g3 Qxg4 14.Nde2 b5 15.O-O-O b4
16.Nb5 Ba6 17.Nbd4 Nxd4 18.Nxd4 e5 19.Nc6 Bb7 20.Qxb4 Qe2 21.Rd3 exf4 22.gxf4 Bxc6
23.Qc4+ d5 24.Qxc6 dxe4 25.Qxe4 Kh8 26.Qd5 Rae8 27.Bd4 Rxf4 28.Bxg7+ Kxg7
29.b3 Re7 30.Qc5 Rf2 31.Rhd1 Rf5 32.Qxa7 Qxh2 33.Rd7 Qe5 34.Qd4 Qxd4 35.Rxe7+ Kf6
36.Rxd4 Kxe7 37.b4 c5 38.Re4+ Kd6 39.b5 Kc7 40.Re6 g5 41.Rh6 g4 42.Rxh7+  1/2-1/2

[Event "Pontevedra2"]
[Site "Pontevedra"]
[Date "1992.??.??"]
[Round "3"]
[White "Rivera, Daniel"]
[Black "Strikovic, Aleksa"]
[Result "1/2-1/2"]
[WhiteElo "2290"]
[BlackElo "2480"]

1.e4 d6 2.d4 g6 3.Nc3 Bg7 4.Be3 c6 5.Qd2 b5 6.f3 Nd7 7.h4 h5 8.Nh3 Ngf6 9.Nf2 Qc7
10.Bf4 a6 11.Nd3 e5 12.dxe5 dxe5 13.Be3 c5 14.Qf2 Bf8 15.a3 Bb7 16.Be2 Be7
17.O-O O-O 18.Rfd1 Rac8 19.Rd2 Rfd8 20.Rad1 Nf8 21.Qg3 b4 22.axb4 cxb4 23.Na4 N6d7
24.b3 Ne6 25.Ndb2 Ndc5 26.Bc4 Rxd2 27.Rxd2 Kg7 28.Bxe6 Nxe6 29.Nc4 f6 30.Nab6 Rd8
31.Nd5 Bxd5 32.exd5 Bc5 33.Qf2 Bxe3 34.Qxe3 Nd4 35.d6 Qc5 36.Kf1 Qd5 37.f4 Re8
38.fxe5 fxe5 39.Kg1 a5 40.Nxe5 Qxd6 41.Rxd4 Qxe5 42.Rd7+ Kg8 43.Qxe5 Rxe5  1/2-1/2

[Event "Pontevedra2"]
[Site "Pontevedra"]
[Date "1992.??.??"]
[Round "7"]
[White "Gomez Baillo, Jorge H"]
[Black "Strikovic, Aleksa"]
[Result "1/2-1/2"]
[WhiteElo "2420"]
[BlackElo "2480"]

1.e4 g6 2.d4 Bg7 3.Nc3 d6 4.Be3 c6 5.Qd2 b5 6.f3 Nd7 7.h4 Ngf6 8.Bh6 Bxh6
9.Qxh6 Qa5 10.Qd2 Bb7 11.Nh3 a6 12.Nf2 c5 13.Be2  1/2-1/2

[Event "CSR-ch"]
[Site "Prague"]
[Date "1992.??.??"]
[Round "3"]
[White "Velicka, Petr"]
[Black "Biolek, Richard"]
[Result "1/2-1/2"]
[WhiteElo "2410"]
[BlackElo "2370"]

1.e4 g6 2.d4 Bg7 3.Nc3 d6 4.Be2 e5 5.dxe5 dxe5 6.Qxd8+ Kxd8 7.Bg5+ f6 8.O-O-O+ Bd7
9.Be3 Bh6 10.Nf3 Bxe3+ 11.fxe3 Nh6 12.Bc4 c6 13.h3 Ke7 14.Rd2 b5 15.Bxb5 cxb5
16.Nd5+ Kf7 17.Rf1 Kg7 18.Nc7 Rc8 19.Nxa8 Bc6 20.g4 Nf7 21.g5 fxg5 22.Rdf2 Bxa8
23.Nd4 exd4 24.Rxf7+ Kg8 25.Rxa7 Nc6 26.Rd7 dxe3 27.Kd1 Ne5 28.Re7 Nc6 29.Rd7 Ne5
30.Re7 Nc6  1/2-1/2

[Event "Prague Chip"]
[Site "Prague"]
[Date "1992.??.??"]
[Round "9"]
[White "Jansa, Vlastimil"]
[Black "Vokac, Marek"]
[Result "1-0"]
[WhiteElo "2460"]
[BlackElo "2450"]

1.e4 g6 2.d4 Bg7 3.Nc3 d6 4.Be3 a6 5.Nf3 b5 6.Bd3 Bb7 7.O-O Nd7 8.a4 b4 9.Na2 c5
10.dxc5 Nxc5 11.Nxb4 Nxe4 12.Qe2 Ngf6 13.Nxa6 O-O 14.c3 e5 15.Bb5 Nd5 16.Rfd1 Nxe3
17.fxe3 Bh6 18.Nb4 Qb6 19.Re1 Rfc8 20.Nd2 Nf6 21.Kh1 d5 22.Rad1 Qe6 23.Nf3 Ng4
24.Nc2 Rc7 25.h3 Nf6 26.Nd2 Bg5 27.Nf3 Bh6 28.Qf2 Ne4 29.Qg1 Qf5 30.Nb4 g5
31.Nxd5 Bxd5 32.Rxd5 Re7 33.Qh2 g4 34.hxg4 Nf2+ 35.Kg1 Nxg4 36.Qh4 Kf8 37.e4 Qg6
38.Rd3 Bf4 39.g3 Bh6 40.Kg2 Re6 41.Bd7 Rb8 42.Bxe6 Rxb2+ 43.Kg1 Qxe6 44.Qd8+ Kg7
45.Nh4 Nf2 46.Rf1 Nh3+ 47.Kh1 Nf2+ 48.Rxf2 Rxf2 49.Kg1 Rf6 50.Nf5+ Rxf5 51.exf5 Qxf5
52.Qd5 Bg5 53.a5 Qf6 54.Kg2 h6 55.Rf3 Qe7 56.a6 Bf6 57.Qc6 Bg5 58.Qb7 e4
59.Qxe7 exf3+ 60.Kxf3 Bxe7 61.a7  1-0

[Event "Protvino"]
[Site "Protvino"]
[Date "1992.??.??"]
[Round "?"]
[White "Bitman, Alexander R"]
[Black "Belov, Igor"]
[Result "0-1"]
[WhiteElo "2345"]
[BlackElo "2440"]

1.e4 g6 2.d4 Bg7 3.Nc3 d6 4.Bg5 Nc6 5.Nge2 Nf6 6.Qd2 h6 7.Bh4 O-O 8.f3 e5
9.d5 Ne7 10.O-O-O Nh5 11.g4 Nf4 12.Bf2 Nxe2+ 13.Nxe2 c6 14.c4 c5 15.Be3 Kh7
16.h4 b5 17.h5 g5 18.cxb5 a6 19.Nc3 axb5 20.Bxb5 Ba6 21.Bxa6 Rxa6 22.Qd3 Qa8
23.Rh2 Rb8 24.Rc2 Nc8 25.Kd2 Rab6 26.b3 Rb4 27.Ke1 Qb7 28.Kf2 Nb6 29.Nb5 Nc8
30.a4 Qd7 31.Bd2 R4xb5 32.axb5 Na7 33.b4 cxb4 34.Bxb4 Nxb5 35.Rc6 Nd4 36.Rc4 Qa7
37.Kg3 Qa2 38.Rd2 Qa1 39.Rd1 Qa2 40.Rd2 Qa1 41.Rxd4 exd4 42.e5+ Kg8 43.Bxd6 Qe1+
44.Kg2 Rb1 45.Qxd4 Qh1+ 46.Kg3 Rg1+ 47.Kf2 Rf1+  0-1

[Event "Protvino"]
[Site "Protvino"]
[Date "1992.??.??"]
[Round "?"]
[White "Zakharov, Alexander V"]
[Black "Belov, Igor"]
[Result "1/2-1/2"]
[WhiteElo "2365"]
[BlackElo "2440"]

1.e4 g6 2.d4 Bg7 3.Nc3 d6 4.Nf3 Nf6 5.Be2 O-O 6.O-O c5 7.dxc5 dxc5 8.Qxd8 Rxd8
9.Be3 b6 10.Rad1 Nc6 11.Nd5 Bb7 12.Nxf6+ Bxf6 13.c3 Rxd1 14.Rxd1 Rd8 15.Rxd8+ Nxd8
16.Nd2 Bc6 17.f4 e5 18.g3 Nb7 19.Bc4 Nd6 20.Bd5 Bxd5 21.exd5 e4 22.Kf2 Bg7
23.a4 f5 24.Ke2 Kf7 25.Kd1 Ke7 26.Kc2 Kd7 27.Kb3 Ne8 28.a5 Nc7 29.axb6 axb6
30.c4 Bd4 31.Nf1 b5 32.Bd2 Kd6 33.Ne3 bxc4+ 34.Kxc4 Bxb2 35.g4 fxg4 36.f5 Bd4
37.fxg6 hxg6 38.Nc2 Be5 39.Be3 Nxd5 40.Bxc5+ Ke6 41.Nd4+ Bxd4 42.Kxd4 e3
43.Kd3 Kf5 44.Bd6 Nb6 45.Bg3 Nd5 46.Kd4 Ke6 47.Kd3 g5 48.Ke2 Kf6 49.Kd3 Nf4+
50.Kxe3 Kf5  1/2-1/2

[Event "ROM-chT"]
[Site "?"]
[Date "1992.??.??"]
[Round "?"]
[White "Baciu, Stefan"]
[Black "Pavlov, Mircea"]
[Result "1-0"]
[WhiteElo "2265"]
[BlackElo "2390"]

1.d4 d6 2.e4 g6 3.Nc3 Bg7 4.Be3 c6 5.Qd2 Nf6 6.f3 Qa5 7.Bd3 Na6 8.Nge2 O-O
9.O-O e5 10.d5 Nc5 11.Rab1 Nxd3 12.Qxd3 cxd5 13.b4 dxe4 14.fxe4 Qd8 15.Bg5 h6
16.Bxf6 Bxf6 17.Nd5 Bg5 18.Nec3 Be6 19.Rf2 f5 20.Rbf1 f4 21.Nb5 Bf7 22.g3 a6
23.Nbc3 Rc8 24.gxf4 exf4 25.Ne2 b5 26.Nexf4 Bxf4 27.Nxf4 Bc4 28.Qg3 Qg5 29.Nxg6 Rxf2
30.Rxf2 Qxg3+ 31.hxg3 Re8 32.Rf4 Bxa2 33.Nh4 Bb1 34.Nf5 Bxc2 35.Nxh6+ Kh7
36.Nf7 Kg6 37.Nxd6 Re6 38.Nb7 Rc6 39.Kf2 Rc4 40.e5 Rc3 41.e6 Bf5 42.Rxf5 Kxf5
43.e7  1-0

[Event "ROM-chT"]
[Site "?"]
[Date "1992.??.??"]
[Round "?"]
[White "Giurumia, Sorin"]
[Black "Ardeleanu, Alin"]
[Result "1-0"]
[WhiteElo "2385"]
[BlackElo "2350"]

1.e4 g6 2.d4 Bg7 3.Nc3 d6 4.h3 c6 5.Nf3 Nf6 6.Bd3 O-O 7.O-O Nbd7 8.Bg5 e5
9.Qd2 Qb6 10.Na4 Qc7 11.c4 exd4 12.Nxd4 Re8 13.Rae1 Ne5 14.f4 Nxd3 15.Qxd3 Nd7
16.e5 dxe5 17.f5 Rf8 18.f6 Nxf6 19.Bxf6 Bxf6 20.Rxf6 exd4 21.Nc5 b6 22.Ne4 c5
23.Nd6 Be6 24.Ne4 Qe5 25.Qd2 Bf5 26.Qg5 h6 27.Rxf5 Qg7  1-0

[Event "ARG-ch sf"]
[Site "Rosario"]
[Date "1992.??.??"]
[Round "2"]
[White "Servat, Roberto"]
[Black "Aguerreberry, Claudio"]
[Result "1-0"]
[WhiteElo "2395"]
[BlackElo "2210"]

1.e4 g6 2.d4 Bg7 3.Nc3 d6 4.Nf3 Nf6 5.Be2 O-O 6.O-O c6 7.h3 Qc7 8.Bf4 Nh5
9.Bg5 h6 10.Be3 e5 11.Qd2 Kh7 12.Rad1 Nd7 13.a4 Nhf6 14.dxe5 dxe5 15.Bc4 a6
16.Ra1 b6 17.Qe2 Bb7 18.Nd2 b5 19.Bd3 Rfe8 20.Nb3 Rac8 21.axb5 cxb5 22.Rfd1 Bf8
23.Qf3 Kg7 24.Ne2 Re6 25.c3 Nc5 26.Nxc5 Bxc5 27.Ng3 Rd6 28.Bc2 Bxe3 29.Qxe3 b4
30.cxb4 Rd4 31.Bd3 Qd6 32.Ne2 Rxb4 33.Bxa6 Qb8 34.Nc3 Bxa6 35.Rxa6 Nxe4 36.Nxe4 Qb7
37.Nc5  1-0

[Event "San Bernardino op"]
[Site "San Bernardino"]
[Date "1992.??.??"]
[Round "2"]
[White "Van Parreren, Hanneke"]
[Black "Hickl, Joerg"]
[Result "0-1"]
[WhiteElo "2160"]
[BlackElo "2540"]

1.d4 d6 2.e4 g6 3.Nc3 Bg7 4.Nf3 Nf6 5.Bf4 Nc6 6.Qd2 Bg4 7.d5 Bxf3 8.gxf3 Ne5
9.Be2 c6 10.dxc6 bxc6 11.O-O-O Qa5 12.Bh6 Bxh6 13.Qxh6 Rb8 14.Rde1 Qb4 15.Nd1 Ned7
16.Qd2 Qxd2+ 17.Kxd2 Nh5 18.Ke3 e5 19.b3 Ke7 20.Nb2 Nf4 21.Rhg1 Nc5 22.Rd1 Rhd8
23.Nd3 Nce6 24.Bf1 f6 25.Rg3 f5 26.exf5 gxf5 27.Bh3 Kf6 28.Rdg1 d5 29.Kd2 Nh5
30.R3g2 e4 31.Ne1 Nef4  0-1

[Event "EU-ch U20"]
[Site "Sas van Gent"]
[Date "1992.??.??"]
[Round "7"]
[White "Aleksandrov, Aleksej"]
[Black "Nalbandian, Tigran"]
[Result "1-0"]
[WhiteElo "2505"]
[BlackElo "2405"]

1.d4 g6 2.e4 d6 3.Nc3 Bg7 4.Bg5 Nf6 5.f4 O-O 6.Qd2 c6 7.Nf3 d5 8.Bxf6 exf6
9.exd5 cxd5 10.Bd3 Bh6 11.O-O Nc6 12.Ne2 Qd6 13.a3 Re8 14.Rae1 Re7 15.b4 a6
16.c4 dxc4 17.Bxc4 Bg4 18.d5 Ne5 19.Nxe5 Rxe5 20.Qd4 Re7 21.h3 Bf5 22.Ng3 Rxe1
23.Rxe1 Bxf4 24.Nxf5 gxf5 25.Rf1 Bh6 26.Rxf5 Re8 27.Qg4+ Kh8 28.Rf1 Qe5 29.Kh1 Qc3
30.d6 Rg8 31.Qe2 Qg3 32.Bxf7 Rd8 33.d7 Bf8 34.Qe6 Qd6 35.Qg4 Be7 36.Be8 a5
37.bxa5 Qxa3 38.Qe6 Ra8 39.Qf7 Rxa5 40.Rxf6 Re5 41.Rf1 Qg3 42.Qc4 Qe3 43.Qc8 Kg7
44.Qc4 Re6 45.Qg4+  1-0

[Event "SLO-ch (Women)"]
[Site "?"]
[Date "1992.??.??"]
[Round "?"]
[White "Kosec, Tina"]
[Black "Zugaj, Zvijezdana"]
[Result "1/2-1/2"]
[WhiteElo "2000"]
[BlackElo "2000"]

1.e4 d6 2.d4 g6 3.Nc3 Bg7 4.Be3 Nf6 5.f3 b6 6.Qd2 Ba6 7.Bxa6 Nxa6 8.Nge2 c5
9.Rd1 Nd7 10.O-O O-O 11.h3 Nb4 12.a3 Nc6 13.d5 Nce5 14.b3 Nf6 15.f4 Ned7
16.g4 b5 17.g5 b4 18.gxf6 bxc3 19.Nxc3 Nxf6 20.Qg2 Nh5 21.Ne2 Qa5 22.a4 Rac8
23.Bd2 Qb6 24.Be3 Qb4 25.Bd2 Qb6 26.Be3 Qb4 27.Bd2  1/2-1/2

[Event "SLO-ch (Women)"]
[Site "?"]
[Date "1992.??.??"]
[Round "?"]
[White "Grosar, Kiti"]
[Black "Petek, Francka"]
[Result "1-0"]
[WhiteElo "2125"]
[BlackElo "2035"]

1.e4 g6 2.d4 Bg7 3.Nc3 d6 4.f4 Nd7 5.Nf3 c5 6.Be3 Qa5 7.Qd2 Ngf6 8.Bc4 Ng4
9.Nd5 Qd8 10.Bg1 O-O 11.O-O-O e6 12.Nc3 Nb6 13.Be2 c4 14.h3 Nf6 15.g4 d5
16.e5 Ne8 17.h4 Bd7 18.h5 Nc8 19.Be3 Ne7 20.hxg6 fxg6 21.Ng5 h6 22.Nf3 b5
23.Nb1 a5 24.f5 exf5 25.Bxh6 fxg4 26.Ng5 Bf5 27.Bxg7 Nxg7 28.Nh7 Be4 29.Nxf8 Bxh1
30.Rxh1 Qxf8 31.Bxg4 Nef5 32.Nc3 Qd8 33.Bf3 Ne7 34.Qg2 Ra6 35.Nxd5 Ngf5 36.Nf6+ Kf7
37.d5 Rxf6 38.exf6 Kxf6 39.Qd2 b4 40.Rd1 Nc8 41.Bg4 Ncd6 42.Qe2 Qc8 43.Re1 Qc5
44.Qe5+ Kg5 45.Bxf5 Nxf5 46.d6 Qb6 47.d7 c3 48.b3 Kg4 49.Qe6 Qd8 50.Qxg6+  1-0

[Event "SLO-ch (Women)"]
[Site "?"]
[Date "1992.??.??"]
[Round "?"]
[White "Licina, Anita"]
[Black "Vospernik, Mira"]
[Result "1/2-1/2"]
[WhiteElo "2070"]
[BlackElo "2125"]

1.e4 d6 2.d4 g6 3.Nc3 Bg7 4.Nf3 Nf6 5.h3 O-O 6.Be3 c6 7.a4 Nbd7 8.e5 Ne8
9.Bc4 d5 10.Bb3 f6 11.exf6 exf6 12.a5 Nb8 13.O-O Na6 14.Re1 Nd6 15.Qd2 Nf7
16.Ne2 Nc7 17.Ng3 a6 18.Qb4 Kh8 19.Rac1 Qd6 20.Qd2 Qd8 21.Ne2 Nd6 22.Ng3 Ncb5
23.Bh6 Bf5 24.Bxg7+ Kxg7 25.Nxf5+ Nxf5 26.Qb4 Qd6 27.Qxd6 Nfxd6 28.Re7+ Rf7
29.Rce1 Rf8 30.c3 Rxe7 31.Rxe7+ Rf7 32.Re3 Kf8 33.Kf1 Re7 34.Ke2 Nf5 35.Rxe7 Kxe7
36.g4 Nfd6 37.Ne1 Nc7 38.Nd3 Ne6 39.Ke3 h6 40.h4 Nb5 41.Nc5 Nxc5 42.dxc5 Nc7
43.c4 dxc4 44.Bxc4 Ne6 45.b4 f5 46.f3 Kf6 47.Bxe6 Kxe6 48.Kf4  1/2-1/2

[Event "Alekhine op"]
[Site "Smolensk"]
[Date "1992.??.??"]
[Round "1"]
[White "Vakulienko, Vladlen"]
[Black "Shchekachev, Andrei"]
[Result "0-1"]
[WhiteElo "2360"]
[BlackElo "2475"]

1.e4 d6 2.d4 g6 3.Nc3 Bg7 4.f4 Nf6 5.Nf3 c5 6.Bb5+ Bd7 7.Bxd7+ Nfxd7 8.Be3 cxd4
9.Bxd4 Bxd4 10.Qxd4 O-O 11.h4 Nc6 12.Qd2 Nf6 13.f5 Qb6 14.O-O-O Rac8 15.h5 gxf5
16.exf5 Qa6 17.g4 Nb4 18.a3 Rxc3 19.Kb1 Rxa3 20.bxa3 Qxa3  0-1

[Event "Alekhine op"]
[Site "Smolensk"]
[Date "1992.??.??"]
[Round "3"]
[White "Voitsekhovsky, Stanislav"]
[Black "Shchekachev, Andrei"]
[Result "1-0"]
[WhiteElo "2370"]
[BlackElo "2475"]

1.e4 d6 2.d4 g6 3.Nc3 Bg7 4.f4 Nf6 5.Nf3 c5 6.Be3 cxd4 7.Nxd4 O-O 8.Be2 Nc6
9.O-O Nxd4 10.Bxd4 Qa5 11.Kh1 e5 12.Be3 exf4 13.Bxf4 Be6 14.Qxd6 Rfd8 15.Qc7 Qb4
16.a3 Qxb2 17.Na4 Qxa1 18.Rxa1 Ne8 19.Qxb7 Bxa1 20.Nc5 Bc4 21.Nd3 Bd4 22.h3 a5
23.Bf3 Be6 24.Be5 Rac8 25.Bxd4 Rxd4 26.Qb6 Rdc4 27.Qxa5 Rxc2 28.Nb4 R2c5
29.Qb6 Nf6 30.Qd6 Ne8 31.Qb6 Rc1+ 32.Kh2 Ra1 33.Nc6 Rc7 34.Qb8 Bc8 35.Bg4 f5
36.exf5 Rxc6 37.Qe5 Nf6 38.Qxa1 Nxg4+ 39.hxg4 gxf5 40.Qe5 Re6 41.Qc5 Rh6+
42.Kg1 Bd7 43.gxf5 Rf6 44.Qe7 Rf7 45.Qd8+ Kg7 46.Qg5+ Kf8 47.g4 Be8 48.Qh6+ Kg8
49.Kf2 Rc7 50.Qd6 Rc4 51.f6 h6  1-0

[Event "Alekhine op"]
[Site "Smolensk"]
[Date "1992.??.??"]
[Round "5"]
[White "Filipenko, Alexander V"]
[Black "Shchekachev, Andrei"]
[Result "1-0"]
[WhiteElo "2390"]
[BlackElo "2475"]

1.e4 d6 2.d4 g6 3.Nc3 Bg7 4.Bg5 a6 5.Qd2 b5 6.a4 b4 7.Nd5 a5 8.c3 h6 9.Bh4 g5
10.Bg3 e6 11.Ne3 Nf6 12.f3 bxc3 13.bxc3 O-O 14.Bd3 Nh5 15.Ne2 f5 16.Bf2 Nc6
17.exf5 exf5 18.h4 g4 19.fxg4 fxg4 20.Qa2+ Kh8 21.O-O Ne7 22.Bg3 Rxf1+ 23.Rxf1 d5
24.Be5 Bxe5 25.dxe5 c5 26.Rf7 c4 27.Bc2 Kg8 28.Rf1 Qc7 29.Bb1 Qxe5 30.Qd2 Be6
31.Nxc4 Qg7 32.Qe3 Ra6 33.Nd4 Bd7 34.Ne5 Be6  1-0

[Event "Alekhine op"]
[Site "Smolensk"]
[Date "1992.??.??"]
[Round "9"]
[White "Ginsburg, Gennadij"]
[Black "Kharitonov, Andrei Y"]
[Result "1-0"]
[WhiteElo "2395"]
[BlackElo "2505"]

1.e4 g6 2.d4 Bg7 3.Nc3 d6 4.Nf3 Nf6 5.h3 O-O 6.Be3 c6 7.a4 a5 8.Be2 Na6 9.O-O d5
10.e5 Ne8 11.Qd2 f6 12.Bh6 Nac7 13.Nd1 Ne6 14.c3 f5 15.Bxg7 N8xg7 16.c4 f4
17.Nc3 Nc7 18.Rac1 Nge6 19.Rfd1 Kh8 20.Qc2 Rb8 21.cxd5 cxd5 22.Qb3 Ng7 23.Ne1 Be6
24.Nd3 b6 25.Qa3 f3 26.Bxf3 Bxh3 27.Be2 Bf5 28.Ne1 Qd7 29.Nb5 Nce6 30.Rc3 Nf4
31.Bf1 Nge6 32.Rdc1 Rf7 33.Nc2 g5 34.Ne3 Be4 35.f3 Bg6 36.g3 Nh5 37.Bh3 Rxf3
38.Nf1 Rxc3 39.Rxc3 Rb7 40.b3 Nhg7 41.Qc1 Rb8 42.Rc7 Qe8 43.Ne3 Rd8 44.Rc6 Qf7
45.Qf1 Rb8 46.Bxe6 Nxe6 47.Qxf7 Bxf7 48.Nf5 Nd8 49.Rc7 e6 50.Nh6 Kg7 51.Ng4 h5
52.Nf6 Kg6 53.Nd6 Ra8 54.Kf2 Rb8 55.Kf3 Ra8 56.Ke3 h4 57.gxh4 gxh4 58.Kf4 b5
59.axb5 a4 60.bxa4 Rxa4 61.Rc8 Rxd4+ 62.Ke3  1-0

[Event "Sochi-chJ"]
[Site "Sochi"]
[Date "1992.??.??"]
[Round "?"]
[White "Yemelin, Vasily"]
[Black "Shchekachev, Andrei"]
[Result "0-1"]
[WhiteElo "2345"]
[BlackElo "2375"]

1.e4 d6 2.d4 g6 3.Nc3 Bg7 4.h3 c6 5.a4 Nf6 6.Be3 Qa5 7.Bd3 O-O 8.Nf3 e5 9.dxe5 dxe5
10.O-O Nh5 11.Bc4 Qb4 12.Bb3 Na6 13.Qd2 Nc5 14.Qd6 b6 15.Qxc6 Bb7 16.Bxc5 bxc5
17.Qb5 Nf4 18.Rfd1 Rab8 19.Ng5 Bc8 20.Qxb4 Rxb4 21.Na2 Rb7 22.Rab1 h6 23.Nf3 Ne2+
24.Kh1 Nd4 25.Bd5 Rc7 26.Nxd4 cxd4 27.c3 Bd7 28.a5 h5 29.c4 Rb8 30.b4 Ba4
31.Rd2 Bh6 32.Rdb2 d3 33.b5 Bc2 34.Rf1 Bd2 35.a6 Ba5 36.Nb4 Bxb4 37.Rxb4 d2
38.Rfb1 Bxb1 39.Rxb1 Rxb5 40.Rd1 Rb2 41.Kg1 h4 42.Kf1 Kf8 43.Ke2 Ke7 44.Kd3 Ra2
45.Kc3 Kd6 46.Kb4 Rxa6 47.Rxd2 Rb6+ 48.Kc3 Ke7 49.Rd3 a5 50.Rd1 f5 51.f4 exf4
52.exf5 gxf5 53.Re1+ Kf6 54.Re8 Ra6 55.Rh8 f3 56.Bxf3 Ke5 57.Rxh4 a4 58.Kb2 a3+
59.Ka2 Rb6 60.c5 Rxc5 61.Kxa3 Ra5+ 62.Ra4 Rxa4+ 63.Kxa4 Rh6 64.Kb4 Kf4 65.Kc3 Kg3
66.Kd4 Kf4 67.Kd3 Rh8 68.Ke2 Kg3 69.Ke3 Rh4 70.Kd3 Rb4 71.Kc3 Ra4 72.Kd2 f4
73.Kd3 Ra3+ 74.Ke2 Ra2+ 75.Kf1 Ra1+ 76.Ke2 Rg1 77.h4 Rxg2+  0-1

[Event "Sochi-chJ"]
[Site "Sochi"]
[Date "1992.??.??"]
[Round "?"]
[White "Yemelin, Vasily"]
[Black "Shchekachev, Andrei"]
[Result "1/2-1/2"]
[WhiteElo "2345"]
[BlackElo "2375"]

1.e4 d6 2.d4 g6 3.Nc3 Bg7 4.Be3 a6 5.a4 b6 6.f4 Nf6 7.h3 Bb7 8.Bd3 O-O 9.Nf3 Nc6
10.e5 dxe5 11.fxe5 Nd5 12.Nxd5 Qxd5 13.Qd2 Rad8 14.O-O a5 15.Rad1 Nb4 16.Bb5 c6
17.Be2 Qd7 18.Ng5 f6 19.Bc4+ Nd5 20.e6 Qc8 21.Nf7 Rde8  1/2-1/2

[Event "BUL-ch sf"]
[Site "Sofia"]
[Date "1992.??.??"]
[Round "1"]
[White "Grigorov, Jordan N"]
[Black "Ivanov, Dimitar"]
[Result "1-0"]
[WhiteElo "2390"]
[BlackElo "2235"]

1.e4 d6 2.d4 g6 3.Nc3 Bg7 4.Nge2 Nf6 5.g3 O-O 6.Bg2 e5 7.O-O Nc6 8.dxe5 dxe5
9.Bg5 h6 10.Qxd8 Rxd8 11.Bxf6 Bxf6 12.Nd5 Bg7 13.Nxc7 Rb8 14.Rad1 Bg4 15.f3 Rdc8
16.Nd5 Be6 17.c3 Rd8 18.Rd3 Rd7 19.Rfd1 Rbd8 20.f4 Bg4 21.Kf2 Kf8 22.h3 Bxe2
23.Kxe2 Ne7 24.Ne3 Rxd3 25.Rxd3 Rxd3 26.Kxd3 h5 27.f5 Ke8 28.fxg6 fxg6 29.h4 Nc8
30.Bh3 Nd6 31.Nd5 Kf7 32.c4 b6 33.b4 Bf8 34.c5 bxc5 35.bxc5 Nb5 36.c6 Bd6
37.Kc4 Nc7 38.Nxc7 Bxc7 39.Kb5 a5 40.Ka6 Ke7 41.Kb7 Kd6 42.Bd7  1-0

[Event "St Petersburg op"]
[Site "St Petersburg"]
[Date "1992.??.??"]
[Round "?"]
[White "Blechzin, Igor"]
[Black "Galdunts, Sergey"]
[Result "0-1"]
[WhiteElo "2320"]
[BlackElo "2465"]

1.d4 d6 2.e4 g6 3.Nc3 Bg7 4.Bc4 a6 5.Nf3 b5 6.Bb3 e6 7.Bg5 Ne7 8.Ne2 Bb7
9.Ng3 Nd7 10.Qd2 h6 11.Be3 d5 12.e5 c5 13.c3 cxd4 14.cxd4 Nb6 15.O-O Nc4
16.Qe2 Qb6 17.Rad1 a5 18.Bc1 Ba6 19.Bc2 b4 20.Bd3 a4 21.b3 axb3 22.axb3 Na3
23.Bxa6 Qxa6 24.Qxa6 Rxa6 25.Ne1 Nc6 26.Ne2 Nb5 27.Bb2 Bf8 28.Nd3 Kd7 29.Ra1 Na3
30.Rfd1 Be7 31.Nec1 Rha8 32.Kf1 h5 33.f3 Nc2 34.Rxa6 Rxa6 35.Kf2 N2xd4 36.g4 hxg4
37.fxg4 Nb5 38.Ne2 Ra2 39.Kg3 Bd8 40.h4 Bc7 41.Kf3 Rxb2 42.Nxb2 Nxe5+ 43.Kg2 Nxg4
44.Rc1 Ne3+ 45.Kh3 Nd6 46.Nd3 Ne4 47.Nc5+ Nxc5 48.Rxc5 e5 49.Nc1 e4 50.Ne2 f5
51.Ng3 Bd6 52.Ra5 f4 53.Nh1 Ke6 54.Nf2 Nc2 55.Ra6 e3 56.Nd3 f3 57.Nf4+ Kf5
58.Nd3 f2 59.Kg2 Ne1+ 60.Kf1 Nxd3 61.Rxd6 Nf4 62.h5 Nxh5 63.Rxd5+ Kg4 64.Kg2 Nf4+  0-1

[Event "St Petersburg"]
[Site "St Petersburg"]
[Date "1992.??.??"]
[Round "?"]
[White "Zhuravliov, Valerij"]
[Black "Kochyev, Alexander"]
[Result "1/2-1/2"]
[WhiteElo "2485"]
[BlackElo "2495"]

1.e4 g6 2.d4 Bg7 3.Nc3 d6 4.Be3 Nf6 5.f3 c6 6.Qd2 b5 7.Bd3 O-O 8.Nge2 Nbd7
9.O-O a6 10.Nd1 e5 11.c3 c5 12.Nf2 Bb7 13.a4 c4 14.Bc2 d5 15.Bg5 dxe4 16.fxe4 Qb6  1/2-1/2

[Event "St Petersburg op"]
[Site "St Petersburg"]
[Date "1992.??.??"]
[Round "?"]
[White "Dommes, Vladimir M"]
[Black "Maksimenko, Andrei"]
[Result "1/2-1/2"]
[WhiteElo "2300"]
[BlackElo "2455"]

1.d4 d6 2.e4 g6 3.Nc3 Bg7 4.Nf3 c6 5.Be2 Nf6 6.a4 O-O 7.O-O Nbd7 8.h3 e5
9.dxe5 dxe5 10.Bc4 Nh5 11.Bg5 Bf6 12.Bh6 Bg7 13.Bg5 Bf6 14.Bh6 Ng7 15.a5 Re8
16.Ne2 Ne6 17.c3 b5  1/2-1/2

[Event "Stare Mesto op"]
[Site "Stare Mesto"]
[Date "1992.??.??"]
[Round "?"]
[White "Kislov, Mikhail"]
[Black "Belov, Igor"]
[Result "0-1"]
[WhiteElo "2350"]
[BlackElo "2440"]

1.e4 d6 2.d4 g6 3.Nc3 Bg7 4.Be3 c6 5.Qd2 b5 6.f3 Nd7 7.h4 h5 8.a4 b4 9.Nce2 a5
10.Nh3 Ngf6 11.Nf2 Ba6 12.Rd1 Qc7 13.b3 c5 14.dxc5 Nxc5 15.Nd4 Bxf1 16.Kxf1 Qb7
17.Nb5 Ne6 18.Qe2 O-O 19.Kg1 Rfc8 20.Nd3 Nc7 21.Nxc7 Qxc7 22.Rd2 Nd7 23.f4 Bc3
24.Rd1 Qc6 25.Nf2 Bg7 26.Rd2 Nc5 27.Bxc5 Qxc5 28.Kh2 Rc7 29.Rf1 Rac8 30.Nd3 Qb6
31.f5 Rc3 32.Qf3 d5 33.exd5 Rxc2 34.Rxc2 Rxc2 35.Qe4 Qd4 36.Qxd4 Bxd4 37.fxg6 fxg6
38.Re1 Rc3 39.Nf4 Bf2 40.Rf1 Bg3+ 41.Kg1 Bxf4 42.Rxf4 Rxb3 43.Re4 Kf7 44.Re5 Ra3
45.d6 exd6 46.Rxa5 b3 47.Kf2 b2 48.Rb5 Rxa4 49.g3 Ra2 50.Ke3 Ke6 51.Ke4 Kd7
52.Rb3 Kc6  0-1

[Event "Stare Mesto"]
[Site "Stare Mesto"]
[Date "1992.??.??"]
[Round "5"]
[White "Gipslis, Aivars"]
[Black "Chernyshov, Konstantin"]
[Result "1-0"]
[WhiteElo "2465"]
[BlackElo "2485"]

1.e4 d6 2.d4 g6 3.Nc3 Bg7 4.Nf3 c6 5.Be2 Nf6 6.O-O O-O 7.a4 h6 8.a5 d5 9.e5 Ne4
10.h3 c5 11.dxc5 Nxc3 12.bxc3 Nc6 13.a6 Kh7 14.Ra4 e6 15.Bf4 bxa6 16.Qd2 a5
17.Rfa1 Bd7 18.Bd3 f5 19.exf6 Qxf6 20.Bd6 Qxc3 21.Qxc3 Bxc3 22.Bxf8 Bxa1
23.Rxa1 Rxf8 24.Bb5 a6 25.Bxc6 Bxc6 26.Rxa5 Bb5 27.Nd4 Bc4 28.Nxe6 Rc8 29.Nd4 Kg7
30.f4 g5 31.Kf2 Bb5 32.Kf3 gxf4 33.Kxf4 Bf1 34.Ke5 Re8+ 35.Kd6 Re4 36.c6 Bxg2
37.Ra3 Bxh3 38.Rxh3 Rxd4 39.Rc3  1-0

[Event "Stare Mesto"]
[Site "Stare Mesto"]
[Date "1992.??.??"]
[Round "7"]
[White "Plachetka, Jan"]
[Black "Chernyshov, Konstantin"]
[Result "1-0"]
[WhiteElo "2475"]
[BlackElo "2485"]

1.e4 d6 2.d4 g6 3.Nc3 Bg7 4.Be3 c6 5.Qd2 b5 6.f3 Nd7 7.Nh3 Nb6 8.Nf2 a5 9.b3 h6
10.Be2 b4 11.Ncd1 c5 12.a3 f5 13.axb4 cxb4 14.O-O Nf6 15.c3 g5 16.exf5 Bxf5
17.Bb5+ Kf7 18.c4 Qc7 19.Rc1 Qb7 20.Qe2 Rhb8 21.Ne4 Nbd5 22.Ng3 Bg6 23.f4 gxf4
24.Bxf4 Kg8 25.Ne3 e5 26.Nxd5 Nxd5 27.Bd2 Nc3 28.Qg4 Kh7 29.Bd7 e4 30.Be3 Rf8
31.h4 d5 32.h5 Bf7 33.Rxf7 Rxf7 34.Qg6+ Kh8 35.Qxf7 Rf8 36.Qe6 Rf6 37.Qg4 dxc4
38.Be6 cxb3 39.Bxb3 a4 40.Be6 b3 41.Rxc3 b2 42.Ba2 b1=Q+ 43.Bxb1 Qxb1+ 44.Kh2 Bf8
45.Rc8 Qb7 46.Bxh6  1-0

[Event "Stare Mesto"]
[Site "Stare Mesto"]
[Date "1992.??.??"]
[Round "9"]
[White "Glek, Igor V"]
[Black "Chernyshov, Konstantin"]
[Result "1-0"]
[WhiteElo "2520"]
[BlackElo "2485"]

1.e4 d6 2.d4 g6 3.Nc3 Bg7 4.f4 c6 5.Nf3 b5 6.Bd3 Qb6 7.e5 d5 8.h3 h5 9.Be3 Nh6
10.Qd2 Bf5 11.Be2 Na6 12.O-O e6 13.a4 Nc7 14.axb5 cxb5 15.Nh2 Rd8 16.g4 hxg4
17.hxg4 Be4 18.Nxe4 dxe4 19.d5 Rxd5 20.Qc3 Qb8 21.Qc6+ Ke7 22.Rxa7 Rc8 23.Rb7  1-0

[Event "Stockholm op2"]
[Site "Stockholm"]
[Date "1992.??.??"]
[Round "?"]
[White "Furhoff, Johan"]
[Black "Johansson, Jan"]
[Result "0-1"]
[WhiteElo "2250"]
[BlackElo "2390"]

1.e4 g6 2.d4 Bg7 3.Nc3 d6 4.Nf3 a6 5.Bd3 Nd7 6.O-O c5 7.Be3 cxd4 8.Nxd4 Ngf6
9.f4 O-O 10.f5 Ne5 11.h3 b5 12.Nd5 Bb7 13.Nxf6+ exf6 14.Nb3 Re8 15.Bd4 d5
16.Re1 Nxd3 17.Qxd3 dxe4 18.Qg3 Bc8 19.Rad1 Bxf5 20.Nc5 Qc8 21.Qf4 g5 22.Qf2 Bg6
23.Bc3 Qc6 24.Rd7 Rad8 25.Rxd8 Rxd8 26.b4 f5 27.Bxg7 Kxg7 28.h4 h6 29.hxg5 hxg5
30.c4 Qf6 31.Rf1 Qd4 32.Qxd4+ Rxd4 33.Rc1 Rd6 34.cxb5 axb5 35.a4 bxa4 36.Nxa4 Rd4
37.Rb1 e3 38.Nc3 f4 39.Rb2 Rc4 40.Ne2 Bd3  0-1

[Event "Rilton Cup"]
[Site "Stockholm"]
[Date "1992.??.??"]
[Round "6"]
[White "Stefansson, Hannes"]
[Black "Hillarp Persson, Tiger"]
[Result "1-0"]
[WhiteElo "2445"]
[BlackElo "2300"]

1.e4 g6 2.d4 Bg7 3.Nc3 d6 4.g3 Nc6 5.Be3 e5 6.d5 Nce7 7.Qd2 f5 8.Nh3 Nf6
9.exf5 Nxf5 10.Bb5+ Ke7 11.Ng5 h6 12.Nge4 Ng4 13.Be2 Ngxe3 14.fxe3 h5 15.Ng5 c6
16.Rf1 Rf8 17.Rf3 Qb6 18.O-O-O Bh6 19.dxc6 Qxc6 20.Bb5 Bxg5 21.Bxc6 bxc6
22.Ne4  1-0

[Event "FRA-ch"]
[Site "Strasbourg"]
[Date "1992.??.??"]
[Round "11"]
[White "Marciano, David"]
[Black "Seret, Jean Luc"]
[Result "1/2-1/2"]
[WhiteElo "2415"]
[BlackElo "2420"]

1.e4 g6 2.d4 Bg7 3.Nc3 d6 4.Nf3 Nf6 5.Be2 O-O 6.O-O c6 7.Bf4 Nbd7 8.Qd2 b5
9.e5 dxe5 10.dxe5 b4 11.exf6 bxc3 12.fxe7 Qxe7 13.bxc3 Qf6 14.Rad1 c5 15.Bb5 Nb6
16.Be5 Qe6 17.Rfe1 Nc4 18.Bxc4 Qxc4 19.Bxg7 Kxg7 20.Qd5 Qxd5 21.Rxd5 Be6
22.Rxc5 Rfc8 23.Rxc8 Rxc8 24.Nd4 Rxc3 25.Nxe6+  1/2-1/2